| 000 | 00644nam a2200253Ia 4500 | ||
|---|---|---|---|
| 008 | 160803s9999 xx 000 0 und d | ||
| 020 | _a9780439683630 | ||
| 100 | _aWood, Audrey | ||
| 245 | _aAlphabet mystery / | ||
| 245 | _cby Audrey Wood ; illustrated by Bruce Wood. | ||
| 260 | _aNew York : | ||
| 260 | _bScholastic Inc. | ||
| 260 | _c2003 | ||
| 300 | _a1 volume (unpaged) : | ||
| 300 | _bcolor illustrations ; | ||
| 300 | _c23 x 27 cm | ||
| 650 | _aAlphabet -- | ||
| 650 | _aAlphabet. | ||
| 650 | _aKissing -- | ||
| 650 | _aKissing. | ||
| 650 | _xJuvenile fiction. | ||
| 650 | _xJuvenile fiction. | ||
| 700 | _a430 | ||
| 999 |
_c298175 _d298175 |
||